000 00585nam a2200217Ia 4500
999 _c3464
_d3464
008 251022r20212024ii |||||||||||||| ||eng||
020 _a9789351611769
_cRs.795.00
040 _aKO
_beng
041 0 _aeng
044 _aii
082 0 4 _a519.5
_bG9592
_223
100 1 _aGupta, S. P.
245 1 0 _aStatistical Methods /
_cS. P. Gupta
250 _a46th rev. ed.
260 _aNew Delhi :
_bSultan Chand & Sons,
_c2021, reprinted 2024
300 _avarious pagination
_b : ill.
_c; 24 cm.
650 0 _aStatistics
_vTextbooks
904 _aA_BOSE
942 _cBK
_2ddc